MARC

LEADER 00000nas a2200000 i 4500
001 ssj0000490836
003 WaSeSS
005 20200512172242.0
006 m d
007 cr n
008 110419c20119999enkqr pss 0 a0eng c
010 |a  2011247784 
015 |a GBB404544  |2 bnb 
016 7 |a 015684687  |2 Uk 
016 7 |a 2594528-2  |2 DE-600 
022 |a 2045-7979  |l 2045-7960  |y 2045-7960 
035 |a (WaSeSS)ssj0000490836 
040 |a UV0  |b eng  |e pn  |c UV0  |d UV0  |d PFM  |d OCLCQ  |d OCLCO  |d OCLCF  |d OCLCQ  |d CHVBK  |d OCLCO  |d OCLCQ  |d OCLCO  |d OCLCQ  |d DLC  |d U3W  |d AU@  |d OCLCO  |d WYU  |d OCLCO  |d CUS  |d OCLCO  |d NLE  |d UKMGB  |d SFB  |d OCLCA  |d WaSeSS 
041 0 |a eng  |a ita 
042 |a pcc 
050 0 0 |a RA648.5 
210 1 0 |a Epidemiol. psychatr. sci. 
222 0 |a Epidemiology and psychiatric sciences  |b (Online) 
245 0 0 |a Epidemiology and psychiatric sciences  |h [electronic resource]. 
246 1 3 |a EPS 
260 |a Cambridge :  |b Cambridge University Press,  |c 2011- 
310 |a Quarterly 
362 1 |a Began with: vol. 20, issue 01 (Mar. 2011); title from cover. 
506 |a License restrictions may limit access. 
546 |a In English with some Italian. 
588 |a Description based on print version record. 
588 |a Latest issue consulted: Volume 28, issue 4 (August 2019) (viewed September 7, 2019). 
650 0 |a Epidemiology  |v Periodicals. 
650 0 |a Mental illness  |v Periodicals. 
650 0 |a Community psychiatry  |v Periodicals. 
650 7 |a Community psychiatry.  |2 fast  |0 (OCoLC)fst00871152 
650 7 |a Epidemiology.  |2 fast  |0 (OCoLC)fst00914091 
650 7 |a Mental illness.  |2 fast  |0 (OCoLC)fst01016547 
650 2 |a Epidemiology. 
650 2 |a Community Psychiatry. 
650 2 |a Mental Disorders. 
655 0 |a Electronic journals. 
776 0 8 |i Print version:  |t Epidemiology and psychiatric science  |x 2045-7960  |w (DLC) 2011243374  |w (OCoLC)727338545 
780 0 0 |t Epidemiologia e psichiatria sociale  |x 2040-4719  |w (OCoLC)60628690 
850 |a DLC 
856 4 0 |z Full text available from Research Library: 03/01/2012 to 1 year ago  |u https://search.proquest.com/publication/1586337